| 000 | 00941cam a22001935a 4500 | ||
|---|---|---|---|
| 001 | L157160 | ||
| 008 | 120911s1838 xxk f 000 0 eng d | ||
| 035 | _a(Sirsi) u157160 | ||
| 041 | 0 | _aeng | |
| 110 | 2 |
_aJ. & C. Walker _96108 |
|
| 245 | 0 | 0 |
_aEngland & Wales _bfounded upon the grand trigonometrical survey, shewing all the mail coach, turnpike & rail roads, the rivers & navigable canals, also the boundaries & divisions of counties, boroughs, county election & polling places, under the Reform Act together with the sand banks & soundings round the coast |
| 260 |
_aLondon _bJ. & C. Walker _c1838 |
||
| 300 |
_a1 map _bcol., mounted on linen _c134 x 106 cm. folded to 26 x 18 cm., in slip case |
||
| 520 | _aCover title: Walker's Map of England, Wales, and the Southern Part of Scotland. | ||
| 583 |
_aCondition reviewed _c20120620 _lcondition level 2 |
||
| 651 | 4 |
_aEngland and Wales _y1543- |
|
| 690 |
_aGeomatics _96242 |
||
| 942 | _n0 | ||
| 999 |
_c114635 _d114635 |
||